| 000 | 01691nam a2200361 4500 | ||
|---|---|---|---|
| 001 | 0000024430 | ||
| 003 | CO-CtgCURN | ||
| 005 | 20250331185221.0 | ||
| 007 | ta | ||
| 008 | 160628s2001 000 0 eng d | ||
| 020 | _a9589181562 | ||
| 040 |
_aCO-CtgCURN _bspa _ccoctgcurn |
||
| 082 | 0 |
_a617 _bQ457 |
|
| 100 | 1 | _aQuintero, Gustavo A. | |
| 245 | 1 | 0 |
_aInfección en cirugia / _cGustavo A. Quintero, Julio Alberto Nieto, Carlos H. Lerma. |
| 260 |
_aBogotá : _bMedica Panamericana, _c2001. |
||
| 300 |
_a352 p : _bil., lams. |
||
| 336 | _2rdacontent | ||
| 337 |
_2rdamedia _asin mediacion _bn |
||
| 338 |
_2rdacarrier _avolumen _bnc |
||
| 505 | 8 | _aBiología de la infección.--Microbiología quirurgica.--Asepsia y antisepsia.--Antisepticos y desinfectantes.--Terapia antimicrobiana.--Resistencia bacteriana.--Resistencia a glicopeptidos en Gram positivos.--Profilaxis antibiotica.--Antibioticos topicos.--Descontaminacion selectiva digestiva.--Epidemiología y control de la infección nosocomial.--Infección del sitio operatorio.--Neumona nosocomial.--Infecciones necrotizantes de la piel y de los tejidos blandos.--Pie diabetico | |
| 650 | 1 | 4 |
_aCirugia _vTratamiento operatorio. |
| 700 | 1 | _aNieto, Julio Alberto. | |
| 700 | 1 | _aLerma, Carlos H. | |
| 908 | _a160627 | ||
| 942 |
_cBK _h617 _iQ457 _2ddc |
||
| 999 |
_c23109 _d23109 |
||